000
00393nam a2200133Ia 4500
008
100328s9999 xx 000 0 und d
082
_b
34236
100
_a
रावजी आशू आणि काकडे दिनू
245
_a
काटशह
260
_b
डॉल्फिन लायब्ररी
630
_a
काटशह
730
_a
काटशह
942
_c
BOOK
999
_c
524454
_d
524451